Sionistické hnutie po druhej svetovej vojne

Titel: Sionistické hnutie po druhej svetovej vojne
Verfasser:
In: Acta judaica slovaca, Band 4 (1998), Seite 79-90
alle Artikel anzeigen
Veröffentlicht: 1998
Format: Aufsatz
Sprache: Slowakisch
Kein Bild verfügbar
X
alg: 39271941
001A    $01999:11-11-16 
001B    $06050:05-02-25 $t15:45:53.000 
001C    $06050:19-11-16 $t15:06:50.000 
001D    $01999:11-11-16 
001U    $0utf8 
001X    $00 
002@    $0Aox 
003@    $039271941X 
007A    $039271941X $aHEB 
007T    $0Herdb02966 
010@    $aslo 
011@    $a1998 
021A    $aSionistické hnutie po druhej svetovej vojne 
028A    $aNir $dAkiva 
031A    $d4 $h79-90 $j1998 
039B    $aIn $8--Abvc--. Acta judaica slovaca. - Bratislava : [Verlag nicht ermittelbar], 1993- $x199800000040000921 $905482012X 
045T    $a7,41 
045T    $aJUDAICA $qDE-30 $2FID 
045T    $aOST $qDE-12 $2FID 

lok: 39271941 78

exp: 39271941 78 1 #EPN
201B/01 $019-04-17 $t11:30:39.000 
201U/01 $0utf8 
203@/01 $0788818775 
208@/01 $a11-11-16 $be 
209A/01 $a/ $f000 $x00 
220C/01 $aTitelaufnehmer: azs;kk 
220C/01 $aHerkunft: Hú SAV Bratislava 
244Z/01 $2Trx $#Slowakische Republik $#Szlovák Köztársaság $#Republika Słowacka $#Slovenská Republika $#Slovensko $#Slowakei $#Słowacja $#Slovensko $8--Trx--Slovenská Republika $x01 $9391345796 
244Z/01 $aGeschichte 1945- $x02 
244Z/01 $2Trx $#sionism $#sionizmas $#zionism $#cionizmus $#syjonizm $#sionizmus $#sionismus $8--Trx--Zionismus $x03 $9391357824 
244Z/01 $2Trx $8--Trx--Zeitschriftenaufsatz $x04 $9391384341 
247C/01 $82080>Marburg/Lahn, Herder-Institut, Forschungsbibliothek, Bibliographieportal $9336309341
LEADER 00000caa a22000002c 4500
001 39271941X
003 DE-603
005 20250205154553.0
007 tu
008 161111s1998 xx |||| | u00||u|slo c
035 |a (DE-599)HEB39271941X 
040 |a DE-603  |b ger  |c DE-603  |d DE-603 
041 |a slo 
084 |a 7,41  |2 ssgn 
084 |a JUDAICA  |q DE-30  |2 fid 
084 |a OST  |q DE-12  |2 fid 
100 1 |a Nir, Akiva 
245 0 0 |a Sionistické hnutie po druhej svetovej vojne 
264 0 |c 1998 
773 0 8 |i In  |t Acta judaica slovaca  |d Bratislava : [Verlag nicht ermittelbar], 1993-  |g Band 4 (1998), Seite 79-90  |w (DE-603)05482012X  |w (DE-600)1241803-1 
924 0 |9 2080  |a (DE-603)788818775  |b DE-2080  |c HES  |d d  |g /